| 000 | 00969nam a2200301Ia 4500 | ||
|---|---|---|---|
| 001 | 79027 | ||
| 003 | IT-RoPAU | ||
| 008 | 130308s9999 xx 000 0 und d | ||
| 040 | _aIT-RoPAU | ||
| 040 | _cIT-RoPAU | ||
| 041 | _aITALIANO | ||
| 100 | _aGivone Sergio | ||
| 100 | _gCodice Aut. SPICS: 27273 | ||
| 245 | _aCrucialità dell'esperienza estetica | ||
| 245 | _bLinguaggi della Comunicazione (I) | ||
| 250 | _a1a ed. | ||
| 260 | _aPADOVA | ||
| 260 | _bGregoriana | ||
| 260 | _c1987 [1° Ed.:1987 - Ed.Ling.Originale:1985] | ||
| 300 | _a"15 p. (prefazione: no ; testo: 15 [pagine: 37-51])" | ||
| 500 | _aRivendicazione dell'Essenza Ludica della Realtà Anima Nichilista Es Estetizzante della Prospettiva Gadameriana nell'Arte Il Capolavoro della simulazione Parola si Sacrifica Alla potenza del Negativo | ||
| 650 | _aSAGGI DI LINGUISTICA | ||
| 650 | _eCodice materia Spics: 3207 | ||
| 942 | _cBK | ||
| 957 | _71 | ||
| 999 |
_c39805 _d39805 |
||
| 999 | _bSI | ||
| 999 | _g1 | ||